[Event "Rapperswil Jona op 3rd"]
[Site "Rapperswil"]
[Date "2010.07.04"]
[Round "6"]
[White "Paliwoda, Felix"]
[Black "Keller, Peter"]
[Result "1-0"]
[WhiteElo "1733"]
[BlackElo "1859"]
[PlyCount "63"]
[EventDate "2010.07.01"]
[EventType "swiss"]
[EventRounds "7"]
[EventCountry "SUI"]
[SourceTitle "CBM 137 Extra"]
[Source "ChessBase"]
[SourceDate "2010.09.01"]
[SourceVersion "1"]
[SourceVersionDate "2010.09.01"]
[SourceQuality "1"]

1. d4 f5 2. h3 d5 3. g4 Nf6 4. Nf3 c5 5. Bg5 Ne4 6. e3 Nxg5 7. Nxg5 h6 8. Nf3 e6 9. Ne5 Bd6 10. gxf5 Bxe5 11. Qh5+ Ke7 12. dxe5 exf5 13. Nc3 Be6 14. 0-0-0 Nc6 15. Rg1 g5 16. f4 Bf7 17. Qf3 d4 18. a3 Qg8 19. exd4 cxd4 20. Nb5 Rd8 21. a4 Kf8 22. Qa3+ Kg7 23. Bg2 Bd5 24. fxg5 h5 25. Nd6 Bxg2 26. Rxg2 Qf8 27. Re1 Kg6 28. Qb3 h4 29. Qe6+ Kh5 30. g6 Qh6+ 31. Kb1 Qf4 32. g7 1-0